Actors who worked with Patty Jenkins - Statistics

General Stats
  • This quiz has been taken 22 times
  • The average score is 8 of 21
Answer Stats
Films Answer % Correct
Wonder Woman, Wonder Woman 1984 Gal Gadot
100%
Wonder Woman, Wonder Woman 1984 Chris Pine
89%
Monster Charlize Theron
79%
Wonder Woman, Wonder Woman 1984 Robin Wright
79%
Wonder Woman 1984 Kristen Wiig
68%
Wonder Woman, Wonder Woman 1984 Connie Nielsen
63%
Wonder Woman David Thewlis
63%
Wonder Woman 1984 Pedro Pascal
63%
Monster Christina Ricci
53%
Wonder Woman Danny Huston
47%
Wonder Woman, Wonder Woman 1984 Doutzen Kroes
21%
Wonder Woman Ewen Bremner
21%
Monster Bruce Dern
16%
Wonder Woman Emily Carey
11%
Wonder Woman Said Taghmaoui
11%
Wonder Woman 1984 Amir Waked
5%
Monster Annie Corley
5%
Wonder Woman Florence Kasumba
5%
Monster Lee Tergesen
5%
Wonder Woman, Wonder Woman 1984 Lilly Aspell
5%
Monster Pruitt Taylor Vince
0%
No matching quizzes found
Score Distribution
Percent of People with Each Score
Percentile by Number Answered
Your Score History
You have not taken this quiz